Statistiques concernant Vainqueur et finaliste de la Coupe d'Europe de rugby

Cliquez ici pour prendre le quiz!

Statistiques générales

  • Ce quiz a été pris 79 fois
    (45 depuis la dernière actualisation)
  • Le résultat moyen est 14 sur 18

Statistiques - réponses

Vainqueur/Finaliste % Correct
Stade Toulousain
100%
RC Toulon
98%
Stade Français
95%
ASM Clermont
93%
Leinster
85%
Munster
85%
Racing 92
85%
Ulster
80%
CA Brive
80%
Wasps
78%
Saracens
75%
Leicester Tigers
73%
Biarritz Olympique
70%
Cardiff RFC
68%
USA Perpignan
65%
Bath
63%
Northampton Saints
60%
US Colomiers
40%

Distribution des résultats

Percentile by Number Answered

% des personnes avec chaque résultat

Votre développement - résultats

Vous n’avez pas pris ce quiz depuis la dernière actualisation